| 000 | 00711nam a2200229 a 4500 | ||
|---|---|---|---|
| 001 | 13548 | ||
| 003 | BD-JhCC | ||
| 005 | 20240131094331.0 | ||
| 008 | 240131b19842008bg a|||| ||a| 000 0 b d | ||
| 020 | _a9847008900099 | ||
| 035 | _a(BD-JhCC)13548 | ||
| 040 |
_aBD-JhCC _dBD-JhCC |
||
| 041 | _aBengali | ||
| 082 |
_a509 _bBAR 2008 |
||
| 100 | _a বড়ুয়া,সুব্রত | ||
| 245 |
_aবিজ্ঞানের ইতিকথা : _bসন্ধানী মানুষ / _c সুব্রত বড়ুয়া । |
||
| 260 |
_aঢাকা: _bপড়ুয়া; _c২০০৮. |
||
| 300 |
_a144 p. : _bill; _c22 cm |
||
| 650 | _aScience | ||
| 942 |
_2ddc _cBK |
||
| 999 |
_c13548 _d13548 |
||